000 004980000a22001810004500
003 MACL
005 20160601120030.0
008 160601b xxu||||| |||| 00| 0 eng d
040 _aMACL
_cMACL
041 _aHindi
082 _a900 BHA
100 _aप्रकाशन विभाग
_94825
245 _aभारत 1999
260 _bप्रकाशन विभाग
_c1999
_aनई दिल्‍ली
350 _a250
650 _aHistory
_961161
942 _cHIN
_k900
_2ddc
999 _c18410
_d18410